[Event "Valasska Bystrice op"]
[Site "Valasska Bystrice"]
[Date "2017.09.11"]
[Round "4"]
[White "Oktavec, Ivan"]
[Black "Micka, Norbert"]
[Result "0-1"]
[WhiteElo "1602"]
[BlackElo "1796"]
[PlyCount "66"]
[EventDate "2017.09.09"]
[EventType "swiss"]
[EventRounds "9"]
[EventCountry "CZE"]
[SourceTitle "CBM 180 Extra"]
[Source "ChessBase"]
[SourceDate "2017.10.06"]
[SourceVersion "1"]
[SourceVersionDate "2017.10.06"]
[SourceQuality "1"]

1. b3 e5 2. Bb2 Nc6 3. e3 Nf6 4. Nf3 d6 5. Bb5 Bd7 6. d3 Be7 7. Nbd2 0-0 8. 0-0 a6 9. Bxc6 Bxc6 10. e4 b5 11. Re1 Bd7 12. d4 exd4 13. Nxd4 c5 14. Nf5 Bxf5 15. exf5 d5 16. Be5 Nd7 17. Bc7 Qxc7 18. Rxe7 Qd6 19. Qe2 Nf6 20. Qe5 Qxe5 21. Rxe5 Rfe8 22. Rae1 Rxe5 23. Rxe5 Re8 24. Nf3 Kf8 25. Kf1 Rxe5 26. Nxe5 Ke8 27. f3 Nd7 28. f4 f6 29. Nxd7 Kxd7 30. g4 d4 31. Ke2 Kd6 32. Kd3 Kd5 33. h4 h5 0-1

[Event "Valasska Bystrice op"]
[Site "Valasska Bystrice"]
[Date "2016.09.11"]
[Round "2"]
[White "Micka, Norbert"]
[Black "Hrabal, Michal"]
[Result "0-1"]
[WhiteElo "1848"]
[BlackElo "2080"]
[PlyCount "106"]
[EventDate "2016.09.10"]
[EventType "swiss"]
[EventRounds "9"]
[EventCountry "CZE"]
[SourceTitle "CBM 174 Extra"]
[Source "ChessBase"]
[SourceDate "2016.10.10"]
[SourceVersion "1"]
[SourceVersionDate "2016.10.10"]
[SourceQuality "1"]

1. Nf3 Nf6 2. c4 g6 3. Nc3 Bg7 4. e4 d6 5. d4 0-0 6. Be2 e5 7. 0-0 Nc6 8. d5 Ne7 9. b4 Ne8 10. c5 f5 11. Nd2 Nf6 12. f3 f4 13. a4 g5 14. Ba3 Ng6 15. Nc4 Rf7 16. b5 dxc5 17. Bxc5 Bf8 18. d6 Be6 19. Ba3 cxd6 20. Nd5 Nxd5 21. exd5 Bf5 22. Bd3 Nh4 23. Bxf5 Nxf5 24. Qd3 Rc8 25. Rfc1 Qf6 26. Nd2 Rfc7 27. Ne4 Qg6 28. a5 Nd4 29. b6 axb6 30. axb6 Rc3 31. Qd1 Rxc1 32. Rxc1 Rxc1 33. Bxc1 g4 34. Kf2 Be7 35. Bxf4 gxf3 36. gxf3 Bh4+ 37. Bg3 Bd8 38. Kg2 h5 39. Kh1 Bxb6 40. Bf2 Qf7 41. Bxd4 Bxd4 42. Nxd6 Qxd5 43. Ne4 Qa2 44. Qf1 Qa6 45. Qg2+ Kf8 46. Nd2 Qa1+ 47. Nf1 h4 48. Qh3 Kf7 49. Qf5+ Ke7 50. Qh7+ Kd6 51. Qg6+ Kc5 52. Qc2+ Qc3 53. Qe2 h3 0-1

[Event "Klatovy op-B 22nd"]
[Site "Klatovy"]
[Date "2016.07.03"]
[Round "2"]
[White "Pravda, Krystof"]
[Black "Micka, Norbert"]
[Result "0-1"]
[WhiteElo "1669"]
[BlackElo "1848"]
[PlyCount "96"]
[EventDate "2016.07.02"]
[EventType "swiss"]
[EventRounds "9"]
[EventCountry "CZE"]
[SourceTitle "EXT 2019"]
[Source "ChessBase"]
[SourceDate "2018.10.10"]
[SourceVersion "1"]
[SourceVersionDate "2018.10.10"]
[SourceQuality "1"]

1. e4 e6 2. d4 d5 3. Nd2 Nf6 4. e5 Nfd7 5. Bd3 c5 6. c3 Nc6 7. Ne2 cxd4 8. cxd4 f6 9. exf6 Nxf6 10. 0-0 Bd6 11. Nf3 Qc7 12. Bg5 0-0 13. Rc1 Ng4 14. h3 Rxf3 15. gxf3 Nh2 16. Bxh7+ Kxh7 17. Qd3+ Kg8 18. Rfe1 Qf7 19. f4 e5 20. dxe5 Bxe5 21. Kxh2 Bxb2 22. Rc2 Bf5 23. Qb3 Bxc2 24. Qxb2 Bf5 25. Nd4 Nxd4 26. Qxd4 Be6 27. Re5 b6 28. f5 Bxf5 29. Re7 Qf8 30. Qxd5+ Kh8 31. Rf7 Qb8+ 32. Kg1 Bg6 33. Rd7 Qg8 34. Qd4 Re8 35. Bh6 Re1+ 36. Kh2 Qb8+ 37. f4 Re2+ 38. Kg1 Qg8 39. Bxg7+ Kh7 40. Bf8+ Bf7+ 41. Qg7+ Qxg7+ 42. Bxg7 Kxg7 43. Rxa7 Rxa2 44. Rb7 Rb2 45. h4 Kf6 46. Kf1 Bg6 47. Ke1 Kf5 48. Kd1 Kxf4 0-1

[Event "Valasska Bystrice op"]
[Site "Valasska Bystrice"]
[Date "2015.09.16"]
[Round "6"]
[White "Stancik, Jakub"]
[Black "Micka, Norbert"]
[Result "1-0"]
[WhiteElo "1956"]
[BlackElo "1815"]
[PlyCount "65"]
[EventDate "2015.09.12"]
[EventType "swiss"]
[EventRounds "9"]
[EventCountry "CZE"]
[SourceTitle "EXT 2016"]
[Source "ChessBase"]
[SourceDate "2015.10.08"]
[SourceVersion "1"]
[SourceVersionDate "2015.10.08"]
[SourceQuality "1"]

1. e4 e6 2. d4 d5 3. Nd2 Nf6 4. e5 Nfd7 5. Bd3 c5 6. c3 Nc6 7. Ne2 cxd4 8. cxd4 f6 9. exf6 Nxf6 10. Nf3 Bd6 11. 0-0 Qc7 12. Nc3 a6 13. Bg5 0-0 14. Bh4 g6 15. Bg3 Ng4 16. Rc1 Bd7 17. Bxd6 Qxd6 18. g3 e5 19. Nxd5 Kg7 20. Be4 Rxf3 21. Bxf3 Nxd4 22. Bxg4 Bxg4 23. Qxg4 Qxd5 24. Rc7+ Kg8 25. f3 Rd8 26. Qe4 Qb5 27. Qxb7 Qxb7 28. Rxb7 Rc8 29. Rf2 Nf5 30. Rd2 Nd4 31. Kg2 Nf5 32. Rbd7 Rc6 33. Ra7 1-0

[Event "Valasska Bystrice op"]
[Site "Valasska Bystrice"]
[Date "2014.09.18"]
[Round "7"]
[White "Micka, Norbert"]
[Black "Petras, Milan"]
[Result "1/2-1/2"]
[WhiteElo "1799"]
[BlackElo "2036"]
[PlyCount "32"]
[EventDate "2014.09.13"]
[EventType "swiss"]
[EventRounds "9"]
[EventCountry "CZE"]
[SourceTitle "CBM 162 Extra"]
[Source "ChessBase"]
[SourceDate "2014.10.17"]
[SourceVersion "1"]
[SourceVersionDate "2014.10.17"]
[SourceQuality "1"]

1. Nf3 Nf6 2. c4 g6 3. Nc3 d6 4. e4 Bg7 5. d4 0-0 6. Be2 Nbd7 7. 0-0 e5 8. Re1 h6 9. h3 exd4 10. Nxd4 Nc5 11. Bf3 a5 12. Be3 Re8 13. Bf4 Kh7 14. Ndb5 Nfd7 15. Qd2 Nb6 16. b3 Bd7 1/2-1/2

[Event "Valasska Bystrice op"]
[Site "Valasska Bystrice"]
[Date "2014.09.14"]
[Round "3"]
[White "Micka, Norbert"]
[Black "Smilek, Petr"]
[Result "1/2-1/2"]
[WhiteElo "1799"]
[BlackElo "1961"]
[PlyCount "113"]
[EventDate "2014.09.13"]
[EventType "swiss"]
[EventRounds "9"]
[EventCountry "CZE"]
[SourceTitle "CBM 162 Extra"]
[Source "ChessBase"]
[SourceDate "2014.10.17"]
[SourceVersion "1"]
[SourceVersionDate "2014.10.17"]
[SourceQuality "1"]

1. Nf3 Nf6 2. c4 g6 3. Nc3 Bg7 4. e4 d6 5. d4 0-0 6. Be2 Na6 7. 0-0 e5 8. Re1 Bg4 9. Be3 Nd7 10. h3 Bxf3 11. Bxf3 c6 12. Qd2 Qe7 13. Rad1 Rfd8 14. d5 c5 15. Bg4 Nc7 16. Bxd7 Rxd7 17. Bg5 f6 18. Bh6 Qf8 19. Bxg7 Rxg7 20. f4 exf4 21. Qxf4 Re8 22. Rf1 Rf7 23. Rde1 Kg7 24. g4 Qe7 25. Kg2 Qe5 26. Qxe5 Rxe5 27. Rf4 a6 28. a4 Ree7 29. a5 Na8 30. Na4 b5 31. axb6 Rb7 32. Rf3 Nxb6 33. Nxb6 Rxb6 34. b3 Rfb7 35. Ra1 a5 36. Rxa5 Rxb3 37. Rxb3 Rxb3 38. Ra6 Re3 39. Rxd6 Rxe4 40. Rd7+ Kh6 41. d6 Rxc4 42. Rc7 Rd4 43. d7 c4 44. Rxc4 Rxd7 45. Rc3 Kg5 46. Kg3 Rd5 47. Rf3 Rd6 48. Rc3 Kh6 49. Rb3 g5 50. Rc3 Kg6 51. h4 h5 52. hxg5 fxg5 53. gxh5+ Kxh5 54. Rb3 Rd1 55. Rc3 Rg1+ 56. Kh2 Rd1 57. Kg3 1/2-1/2

[Event "Valasska Bystrice op"]
[Site "Valasska Bystrice"]
[Date "2014.09.13"]
[Round "1"]
[White "Olsar, Zdenek"]
[Black "Micka, Norbert"]
[Result "1/2-1/2"]
[WhiteElo "1923"]
[BlackElo "1799"]
[PlyCount "62"]
[EventDate "2014.09.13"]
[EventType "swiss"]
[EventRounds "9"]
[EventCountry "CZE"]
[SourceTitle "CBM 162 Extra"]
[Source "ChessBase"]
[SourceDate "2014.10.17"]
[SourceVersion "1"]
[SourceVersionDate "2014.10.17"]
[SourceQuality "1"]

1. e4 e6 2. d4 d5 3. Nc3 Nf6 4. Bg5 Bb4 5. e5 h6 6. exf6 hxg5 7. fxg7 Rg8 8. h4 gxh4 9. Qh5 Qf6 10. Rxh4 Qxg7 11. Nf3 Nd7 12. 0-0-0 Nf6 13. Qe5 Bd6 14. Qe1 Bd7 15. Kb1 0-0-0 16. g3 Rh8 17. Rxh8 Rxh8 18. Nb5 Bxb5 19. Bxb5 Ng4 20. Qe2 c6 21. Bd3 Kb8 22. a3 c5 23. c4 cxd4 24. cxd5 exd5 25. Bf5 Nh6 26. Bc2 Rd8 27. Nxd4 Be5 28. Nf5 Nxf5 29. Bxf5 Qf6 30. g4 Qd6 31. Re1 Bf6 1/2-1/2